<?xml version="1.0" encoding="UTF-8"?>
<record
    xmlns:xsi="http://www.w3.org/2001/XMLSchema-instance"
    xsi:schemaLocation="http://www.loc.gov/MARC21/slim http://www.loc.gov/standards/marcxml/schema/MARC21slim.xsd"
    xmlns="http://www.loc.gov/MARC21/slim">

  <leader>02378cam a22003135a 4500</leader>
  <controlfield tag="001">18131870</controlfield>
  <controlfield tag="005">20160222111751.0</controlfield>
  <controlfield tag="008">140425t2015    moua   frbd   001 0 eng d</controlfield>
  <datafield tag="020" ind1=" " ind2=" ">
    <subfield code="a">9780323185790</subfield>
  </datafield>
  <datafield tag="040" ind1=" " ind2=" ">
    <subfield code="a">DNLM/DLC</subfield>
    <subfield code="c">DLC</subfield>
    <subfield code="d">DLC</subfield>
    <subfield code="d">EG-ScBUE</subfield>
    <subfield code="b">eng</subfield>
  </datafield>
  <datafield tag="082" ind1="0" ind2="4">
    <subfield code="a">616.890231</subfield>
    <subfield code="2">22</subfield>
    <subfield code="b">KEL</subfield>
  </datafield>
  <datafield tag="100" ind1="1" ind2=" ">
    <subfield code="a">Keltner, Norman L.</subfield>
    <subfield code="9">39404</subfield>
  </datafield>
  <datafield tag="245" ind1="1" ind2="0">
    <subfield code="a">Psychiatric nursing /</subfield>
    <subfield code="c">Norman L. Keltner, Debbie Steele.</subfield>
  </datafield>
  <datafield tag="250" ind1=" " ind2=" ">
    <subfield code="a">7th ed.</subfield>
  </datafield>
  <datafield tag="260" ind1=" " ind2=" ">
    <subfield code="a">Missouri :</subfield>
    <subfield code="b">Elsevier / Mosby,</subfield>
    <subfield code="c">c.2015.</subfield>
  </datafield>
  <datafield tag="300" ind1=" " ind2=" ">
    <subfield code="a">ix, 536 p. :</subfield>
    <subfield code="b">ill. ;</subfield>
    <subfield code="c">28 cm.</subfield>
  </datafield>
  <datafield tag="500" ind1=" " ind2=" ">
    <subfield code="a">Glossary : p. 505-514.</subfield>
  </datafield>
  <datafield tag="500" ind1=" " ind2=" ">
    <subfield code="a">Index : p. 515-536.</subfield>
  </datafield>
  <datafield tag="504" ind1=" " ind2=" ">
    <subfield code="a">Includes bibliographical references.</subfield>
  </datafield>
  <datafield tag="505" ind1="0" ind2=" ">
    <subfield code="a">Unit I. The basics. Me, meds, milieu -- Historical issues -- Legal issues -- Psychobiologic bases of behavior -- Cultural issues -- Spiritual issues -- Unit II. You: therapeutic nurse-patient relationship. Models for working with psychiatric patients -- Learning to communicate professionally -- Working with an individual patient -- Working with groups of patients -- Working with the family -- Unit III. Medication: psychopharmacology. Introduction to psychotropic drugs -- Antiparkinsonian drugs -- Antipsychotic drugs -- Antidepressant drugs -- Antimanic drugs -- Antianxiety drugs -- Antidementia drugs -- Over-the-counter drugs -- Unit IV. Environment: milieu management. Introduction to milieu management -- Variables affecting the therapeutic environment: violence and suicide -- Therapeutic environment in various treatment settings -- Unit V. Putting it all together: psychopathology. Introduction to psychopathology -- Schizophrenia spectrum and other psychotic disorders -- Depressive disorders -- Bipolar disorders -- Anxiety-related, obsessive-compulsive, trauma and stressor-related, somatic, and dissociative disorders -- Cognitive disorders -- Personality disorders -- Sexual disorders -- Substance-related disorders -- Eating disorders -- Unit VI. Special populations. Survivors of violence and trauma -- Children and adolescents -- Older adults -- Soldiers and veterans -- Appendix: DSM-5 Classification.</subfield>
  </datafield>
  <datafield tag="650" ind1=" " ind2="7">
    <subfield code="a">Psychiatric nursing.</subfield>
    <subfield code="2">BUEsh</subfield>
    <subfield code="9">36309</subfield>
  </datafield>
  <datafield tag="650" ind1=" " ind2="7">
    <subfield code="a">Psychotherapy.</subfield>
    <subfield code="2">BUEsh</subfield>
    <subfield code="9">30634</subfield>
  </datafield>
  <datafield tag="650" ind1=" " ind2="0">
    <subfield code="a">Psychotropic drugs.</subfield>
    <subfield code="2">BUEsh</subfield>
  </datafield>
  <datafield tag="650" ind1=" " ind2="7">
    <subfield code="a">Nurse and patient.</subfield>
    <subfield code="2">BUEsh</subfield>
    <subfield code="9">12232</subfield>
  </datafield>
  <datafield tag="651" ind1=" " ind2=" ">
    <subfield code="2">BUEsh</subfield>
  </datafield>
  <datafield tag="653" ind1=" " ind2=" ">
    <subfield code="b">NNUR</subfield>
    <subfield code="c">February2016</subfield>
  </datafield>
  <datafield tag="700" ind1="1" ind2=" ">
    <subfield code="a">Steele, Debbie,</subfield>
  </datafield>
  <datafield tag="942" ind1=" " ind2=" ">
    <subfield code="2">ddc</subfield>
  </datafield>
  <datafield tag="999" ind1=" " ind2=" ">
    <subfield code="c">21205</subfield>
    <subfield code="d">21177</subfield>
  </datafield>
  <datafield tag="952" ind1=" " ind2=" ">
    <subfield code="0">0</subfield>
    <subfield code="1">0</subfield>
    <subfield code="2">ddc</subfield>
    <subfield code="4">0</subfield>
    <subfield code="7">0</subfield>
    <subfield code="8">Academic</subfield>
    <subfield code="a">MAIN</subfield>
    <subfield code="b">MAIN</subfield>
    <subfield code="c">1ST</subfield>
    <subfield code="d">2016-02-22</subfield>
    <subfield code="e">Purchase</subfield>
    <subfield code="g">980.00</subfield>
    <subfield code="h">4862</subfield>
    <subfield code="l">4</subfield>
    <subfield code="m">65</subfield>
    <subfield code="o">616.890231 KEL</subfield>
    <subfield code="p">000031634</subfield>
    <subfield code="r">2025-07-15 00:00:00</subfield>
    <subfield code="s">2020-02-24</subfield>
    <subfield code="v">1225.00</subfield>
    <subfield code="y">BB</subfield>
  </datafield>
</record>
